<?xml version="1.0" encoding="UTF-8"?>
<record
    xmlns:xsi="http://www.w3.org/2001/XMLSchema-instance"
    xsi:schemaLocation="http://www.loc.gov/MARC21/slim http://www.loc.gov/standards/marcxml/schema/MARC21slim.xsd"
    xmlns="http://www.loc.gov/MARC21/slim">

  <leader>02818nam a22003257a 4500</leader>
  <controlfield tag="003">DO-SdBNP</controlfield>
  <controlfield tag="005">20211129133213.0</controlfield>
  <controlfield tag="007">ta</controlfield>
  <controlfield tag="008">211126b2019       a|||e |||| 001 0 spa d</controlfield>
  <datafield tag="040" ind1=" " ind2=" ">
    <subfield code="a">DO-SdBNP</subfield>
    <subfield code="b">spa</subfield>
    <subfield code="c">BNPHU</subfield>
  </datafield>
  <datafield tag="082" ind1="4" ind2=" ">
    <subfield code="2">22</subfield>
    <subfield code="a">343.0946</subfield>
    <subfield code="b">I597m</subfield>
  </datafield>
  <datafield tag="110" ind1="1" ind2=" ">
    <subfield code="a">Instituto Universitario de Tr&#xE1;fico y Seguridad Vial de la Universidad de Valencia (INTRAS)</subfield>
    <subfield code="9">80751</subfield>
  </datafield>
  <datafield tag="245" ind1="1" ind2="0">
    <subfield code="a">Manual de conducci&#xF3;n y seguridad vial :</subfield>
    <subfield code="b">licencia categor&#xED;a 02. conocimientos espec&#xED;ficos para la conducci&#xF3;n de veh&#xED;culos livianos de motor / </subfield>
    <subfield code="c">(INTRAS)</subfield>
  </datafield>
  <datafield tag="260" ind1=" " ind2=" ">
    <subfield code="a">Santo Domingo] :</subfield>
    <subfield code="b">INTRANT,</subfield>
    <subfield code="c">2019.</subfield>
  </datafield>
  <datafield tag="300" ind1=" " ind2=" ">
    <subfield code="a">71 p. : </subfield>
    <subfield code="b">il. ;</subfield>
    <subfield code="c">21 cm.</subfield>
  </datafield>
  <datafield tag="505" ind1=" " ind2=" ">
    <subfield code="a">Parte 1. Requisitos para la conducci&#xF3;n de veh&#xED;culos livianos.</subfield>
    <subfield code="t">.1 Requisitos previos --</subfield>
    <subfield code="t">1.2. Veh&#xED;culos que autoriza a conducir las categor&#xED;as 02 --</subfield>
    <subfield code="t">1.3. La licencia de conducir de categor&#xED;a 02 --</subfield>
    <subfield code="t">1.3.1. La obtenci&#xF3;n de una licencia de categor&#xED;a 02 --</subfield>
    <subfield code="t">1.3.2. Vigencia --</subfield>
  </datafield>
  <datafield tag="505" ind1=" " ind2=" ">
    <subfield code="a">Parte 2. El veh&#xED;culo liviano.</subfield>
    <subfield code="t">2.1.1. El motro --</subfield>
    <subfield code="t">2.1.2. El sistema de alimentaci&#xF3;n --</subfield>
    <subfield code="t">2.1.3. El sistema de escape --</subfield>
    <subfield code="t">2.1.4. El sistema de lubricaci&#xF3;n --</subfield>
    <subfield code="t">2.1.5. El sistema de refrigeraci&#xF3;n --</subfield>
    <subfield code="t">2.1.6. El equipo el&#xE9;ctrico --</subfield>
    <subfield code="t">2.1.7. La bater&#xED;a --</subfield>
    <subfield code="t">2.1.8.  El sistema de carga -- </subfield>
    <subfield code="t">2.1.9. El sistema de arranque --</subfield>
    <subfield code="t">2.1.10. El sistema de encendido --</subfield>
    <subfield code="t">2.1.11. El sistema de iluminaci&#xF3;m --</subfield>
    <subfield code="t">2.1.12. El sistema de transmisi&#xF3;n --</subfield>
    <subfield code="t">2.1.13. El sistema de direcci&#xF3;n --</subfield>
    <subfield code="t">2.1.14. El sistema de suspensi&#xF3;n --</subfield>
    <subfield code="t">2.1.15. El sistema de frenado --</subfield>
    <subfield code="t">2.1.16. Ruedas y gomas --</subfield>
    <subfield code="t">2.2. Elementos de seguridad del veh&#xED;culo --</subfield>
    <subfield code="t">2.2.1. La seguridad activa --</subfield>
    <subfield code="t">2.2.2. Seguridad pasiva --</subfield>
    <subfield code="t">2.2.3. El puesto de conducci&#xF3;n --</subfield>
  </datafield>
  <datafield tag="505" ind1=" " ind2=" ">
    <subfield code="a">Parte 3. T&#xE9;cnicas de conducci&#xF3;n. </subfield>
    <subfield code="t">3.1 .1 Manejo de Veh&#xED;culo --</subfield>
    <subfield code="t">3.1.2. Las curvas --</subfield>
    <subfield code="t">3.1.6. Deslizamientos --</subfield>
    <subfield code="t">3.1.3. El factor ambiental y clim&#xE1;tico --</subfield>
    <subfield code="t">3.2.1 &#xBF;Qu&#xE9; es maniobra? --</subfield>
    <subfield code="t">3.2.2. Incorporaci&#xF3;n a la circulaci&#xF3;n --</subfield>
    <subfield code="t">3.2.3. Desplazamientos laterales --</subfield>
    <subfield code="t">3.2.4 Rebasamiento --</subfield>
    <subfield code="t">3.2.5. Cambio  de direcci&#xF3;n --</subfield>
    <subfield code="t">3.2.6. Cambio de sentido --</subfield>
    <subfield code="t">3.2.7. Marcha atr&#xE1;s --</subfield>
    <subfield code="t">3.2.8. Paradas y estacionamiento --</subfield>
    <subfield code="t">3.3. T&#xE9;cnicas avanzadas de manejo --</subfield>
    <subfield code="t">3.3.1. El manejo preventido -- </subfield>
    <subfield code="t">3.3.2. La conducci&#xF3;n eficiente -- </subfield>
  </datafield>
  <datafield tag="505" ind1=" " ind2=" ">
    <subfield code="a">Parte 4. Reglas de conducci&#xF3;n y normas especializas.</subfield>
    <subfield code="t">4.1. El consumo de alcohol --</subfield>
    <subfield code="t">4.2. L&#xED;mites de velocidad --</subfield>
  </datafield>
  <datafield tag="590" ind1=" " ind2=" ">
    <subfield code="a">Inventariado. 2021 / SA</subfield>
  </datafield>
  <datafield tag="650" ind1="4" ind2="0">
    <subfield code="9">77293</subfield>
    <subfield code="a">Conducci&#xF3;n de autom&#xF3;viles </subfield>
    <subfield code="v">Manuales </subfield>
  </datafield>
  <datafield tag="650" ind1="4" ind2="0">
    <subfield code="a">Conducci&#xF3;n </subfield>
    <subfield code="x">Veh&#xED;culos livianos</subfield>
    <subfield code="9">80758</subfield>
  </datafield>
  <datafield tag="650" ind1="4" ind2="0">
    <subfield code="a">Se&#xF1;ales de tr&#xE1;nsito </subfield>
    <subfield code="v">Manuales</subfield>
    <subfield code="9">77294</subfield>
  </datafield>
  <datafield tag="650" ind1="4" ind2="0">
    <subfield code="9">80740</subfield>
    <subfield code="a">Seguridad vial</subfield>
    <subfield code="x">Ense&#xF1;anza</subfield>
  </datafield>
  <datafield tag="650" ind1="4" ind2="0">
    <subfield code="9">77295</subfield>
    <subfield code="a">Reglamentos de tr&#xE1;nsito</subfield>
    <subfield code="z">Rep&#xFA;blica Dominicana</subfield>
  </datafield>
  <datafield tag="700" ind1="1" ind2=" ">
    <subfield code="a">Daroqui, Silvia</subfield>
    <subfield code="e">Coolaboradora</subfield>
    <subfield code="9">80752</subfield>
  </datafield>
  <datafield tag="700" ind1="1" ind2=" ">
    <subfield code="a">Apuzzo, Silvia</subfield>
    <subfield code="e">Colaboradora</subfield>
    <subfield code="9">80753</subfield>
  </datafield>
  <datafield tag="910" ind1=" " ind2=" ">
    <subfield code="a">Saquino</subfield>
  </datafield>
  <datafield tag="942" ind1=" " ind2=" ">
    <subfield code="2">ddc</subfield>
    <subfield code="c">LBS1</subfield>
  </datafield>
  <datafield tag="952" ind1=" " ind2=" ">
    <subfield code="0">0</subfield>
    <subfield code="1">0</subfield>
    <subfield code="2">ddc</subfield>
    <subfield code="5">1</subfield>
    <subfield code="7">0</subfield>
    <subfield code="8">MO</subfield>
    <subfield code="a">BNPHU</subfield>
    <subfield code="b">PD</subfield>
    <subfield code="c">CT</subfield>
    <subfield code="d">2019-01-20</subfield>
    <subfield code="e">Deposito Legal</subfield>
    <subfield code="l">0</subfield>
    <subfield code="o">BNPHU PD 343.0946 I597m</subfield>
    <subfield code="p">2021-28367</subfield>
    <subfield code="r">2021-11-26</subfield>
    <subfield code="w">2021-11-26</subfield>
    <subfield code="y">LBS1</subfield>
    <subfield code="z">S/A</subfield>
  </datafield>
  <datafield tag="952" ind1=" " ind2=" ">
    <subfield code="0">0</subfield>
    <subfield code="1">0</subfield>
    <subfield code="2">ddc</subfield>
    <subfield code="5">1</subfield>
    <subfield code="7">0</subfield>
    <subfield code="8">MO</subfield>
    <subfield code="a">BNPHU</subfield>
    <subfield code="b">PD</subfield>
    <subfield code="c">CT</subfield>
    <subfield code="d">2019-01-20</subfield>
    <subfield code="e">Deposito Legal</subfield>
    <subfield code="l">0</subfield>
    <subfield code="o">BNPHU PD 343.0946 I597m</subfield>
    <subfield code="p">2021-28368</subfield>
    <subfield code="r">2021-11-26</subfield>
    <subfield code="t">e.2</subfield>
    <subfield code="w">2021-11-26</subfield>
    <subfield code="y">LBS1</subfield>
    <subfield code="z">S/A</subfield>
  </datafield>
  <datafield tag="952" ind1=" " ind2=" ">
    <subfield code="0">0</subfield>
    <subfield code="1">0</subfield>
    <subfield code="2">ddc</subfield>
    <subfield code="7">5</subfield>
    <subfield code="8">MO</subfield>
    <subfield code="a">BNPHU</subfield>
    <subfield code="b">DO</subfield>
    <subfield code="c">CT</subfield>
    <subfield code="d">2019-01-20</subfield>
    <subfield code="e">Deposito Legal</subfield>
    <subfield code="l">0</subfield>
    <subfield code="o">BNPHU DS 343.0946 I597m</subfield>
    <subfield code="p">2021-28395</subfield>
    <subfield code="r">2021-11-26</subfield>
    <subfield code="t">e.3</subfield>
    <subfield code="w">2021-11-26</subfield>
    <subfield code="y">LBS1</subfield>
    <subfield code="z">S/A</subfield>
  </datafield>
  <datafield tag="999" ind1=" " ind2=" ">
    <subfield code="c">51051</subfield>
    <subfield code="d">51051</subfield>
  </datafield>
</record>
